Central Library OPAC University of Rajshahi

Actioning and how to do it / (Record no. 82412)

MARC details
000 -LEADER
fixed length control field 00837nam a2200289 a 4500
001 - CONTROL NUMBER
control field 82412
003 - CONTROL NUMBER IDENTIFIER
rucl marc code BD-RjUL
005 - DATE AND TIME OF LATEST TRANSACTION
control field 20231206114806.0
008 - FIXED-LENGTH DATA ELEMENTS--GENERAL INFORMATION
fixed length control field 231206t20162016enk 000 0 eng d
020 ## - INTERNATIONAL STANDARD BOOK NUMBER
International Standard Book Number 9781848424234
Qualifying information (paperback)
International Standard Book Number 184842423X
Qualifying information (paperback)
035 ## - SYSTEM CONTROL NUMBER
System control number (BD-RjUL)82412
040 ## - CATALOGING SOURCE
Original cataloging agency CDX
Language of cataloging eng
Transcribing agency CDX
Description conventions rda
Modifying agency DLC
-- BD-RjUL
041 ## - LANGUAGE CODE
Language code of text/sound track or separate title eng
082 04 - DEWEY DECIMAL CLASSIFICATION NUMBER
Edition number 23
Classification number 792.028
Author mark and year MOA 2016
100 1# - MAIN ENTRY--PERSONAL NAME
Personal name Moseley, Nick,
Dates associated with a name 1962-
Relator term author.
9 (RLIN) 10365
245 10 - TITLE STATEMENT
Title Actioning and how to do it /
Statement of responsibility, etc. Nick Moseley.
264 #1 - PRODUCTION, PUBLICATION, DISTRIBUTION, MANUFACTURE, AND COPYRIGHT NOTICE
Place of production, publication, distribution, manufacture London :
Name of producer, publisher, distributor, manufacturer Nick Hern Books,
Date of production, publication, distribution, manufacture, or copyright notice 2016.
Date of production, publication, distribution, manufacture, or copyright notice ©2016.
300 ## - PHYSICAL DESCRIPTION
Pagination xii, 146 pages ;
Size 22 cm.
336 ## - CONTENT TYPE
Content type term text
Content type code txt
Source rdacontent
337 ## - MEDIA TYPE
Media type term unmediated
Media type code n
Source rdamedia
338 ## - CARRIER TYPE
Carrier type term volume
Carrier type code nc
Source rdacarrier
650 #0 - SUBJECT ADDED ENTRY--TOPICAL TERM
Topical term or geographic name as entry element Acting
General subdivision Technique.
9 (RLIN) 10366
942 ## - ADDED ENTRY ELEMENTS (KOHA)
Source of classification or shelving scheme Dewey Decimal Classification
Koha item type Books
Holdings
Lost status Source of classification or shelving scheme Damaged status Not for loan Collection code Permanent Location Current Location Shelving location Date acquired Source of acquisition Cost, normal purchase price Total Checkouts Full call number Date last seen Copy number Koha item type
  Dewey Decimal Classification   Not For Loan Non-fiction Central Library, University of Rajshahi Central Library, University of Rajshahi Reading Room 30/10/2023 Dhaka : BM Book 1890.00   792.028 MOA 2016 06/12/2023 C-1 Books
  Dewey Decimal Classification     Non-fiction Central Library, University of Rajshahi Central Library, University of Rajshahi General Stacks 30/10/2023 Dhaka : BM Book 1890.00   792.028 MOA 2016 06/12/2023 C-2 Books
  Dewey Decimal Classification     Non-fiction Central Library, University of Rajshahi Central Library, University of Rajshahi General Stacks 30/10/2023 Dhaka : BM Book 1890.00   792.028 MOA 2016 06/12/2023 C-3 Books